| 000 | 00727nam a2200205 i 4500 | ||
|---|---|---|---|
| 001 | 115377 | ||
| 003 | ES-MaACL | ||
| 005 | 20250825062551.0 | ||
| 007 | t| | ||
| 008 | 070307s1927 sp ||||1| spa d | ||
| 100 | 1 |
_aFernández Ardavín, Luis, _d1891-1962 _949469 |
|
| 245 | 1 | 3 |
_aLa cantaora del puerto _b: historia de pandereta en tres actos divididos en trece cuadros / _cL. Fernández Ardavín. |
| 260 |
_aMadrid : _bPrensa Moderna, _c1927. |
||
| 300 |
_a86 p. ; _c17 cm. |
||
| 490 | 1 |
_aEl Teatro moderno ; _v90 |
|
| 500 | _aEstrenada en el Teatro Moderno, de Madrid, el día 25 de marzo de 1927. | ||
| 830 | 0 | 3 |
_aEl teatro moderno (Prensa Moderna) _v90 _9182365 |
| 852 |
_aES-MaACL _jC-13022 |
||
| 999 |
_c115377 _d115377 |
||